| 000 | 00868cam a2200193 4500 | ||
|---|---|---|---|
| 001 | ABS65201 | ||
| 008 | 020308n2002 000 0 eng u | ||
| 035 | _a(Sirsi) u117056 | ||
| 100 | _aGoodchild, R. | ||
| 245 | _aGood European real estate returns harder to come by but opportunities persist | ||
| 260 | _c2002 | ||
| 490 |
_aProperty Forecast _v5(2) February 2002, 2-9(3) |
||
| 520 | _aDetailed analysis of GPD growth, European retail provision and office vacancy trend rates. The economic view is mixed, so that specific market dislocations and opportunities are hard to predict. Long-term prospects of European real estate markets are promising, and short-term cyclical opportunities are likely to arise. Graphs. | ||
| 590 | _aABS | ||
| 650 | _aREAL ESTATE | ||
| 690 | _aPROPERTY MANAGEMENT-CORPORATE REAL ESTATE | ||
| 700 | _aWasserberg, D. | ||
| 942 | _n0 | ||
| 999 |
_c69741 _d69741 |
||